LEADER 00724nab a2200133 i 4500 001 000000321645 003 CaOOAMICUS 005 20180831173349.0 008 180831n it uu u0 0ita r 013 $a31893 040 $aSeMil$bita 245 10$aComunità Propedeutica e del Biennio Teologico. «Accompagna un'amico in Seminario». La festa di inizio anno con gli amici e le comunità.- In [rubrica] :$bNotizie dai seminari. 773 0 $tSeminaristi in missione. - 32 p. - Titolo dalla copertina.$gp.25$w()273881 996 $6245$aComunità Propedeutica e del Biennio Teologico. «Accompagna un'amico in Seminario». La festa di inizio anno con gli amici e le comunità.- In [rubrica] :$bNotizie dai seminari.$9(OLS)http://semarc/title/395192 LEADER 00607nam a2200181 i 4500 001 000000243990 003 CaOOAMICUS 005 20150728000000.0 008 150728s1872 it u000 u ita u 013 $a222895 040 $aSeMil$bita 245 10$aVol. 3. 300 $a550 p. 773 0 $aLudolph : von Sachsen <1300?-1378>$tVita del N.S. Gesù Cristo.$dParma : Tipografia Fiaccadori, 1871-1873.$g3$w()31847 850 $aSeMil 852 $aSeMil$W1$xVenegono$y1$m3D II 164 FA$j194336$B194336$CSeMilBibl$Z2$F204961 $8I 961 $aRecupero: Donazione 996 $6245$aVol. 3$9(OLS)http://semarc/title/80712